000 00503cab a2200181 4500
001 WB2312-32
008 090401t1987 xxu||||| |||| 00| 0 eng d
035 _a(Sirsi) u44269
041 _aeng
245 _aNew supremo at the Pru
260 _c1987
350 _a0
490 _aFinancial Times
_v(Weekend FT) 14/3/87 p9
520 _aProfile of Joe Bradley, the new managing director of Prudential Property Services .
690 _aPROPERTY LAW AND PRACTICE
942 _n0
948 _c04/03/1997
999 _c28212
_d28212